000 00695nam a22002057a 4500
005 20140617103613.0
010 _aB-505331
020 _a9789350530740
_c850.00
035 _aB-505331
037 _adpl
_bK.K.Pub/Ven
082 _a910.922
100 _aArya, Tara Ram
245 _aBiography of World Great Geographers/
_cby Tara Ram Arya
260 _aNew Delhi
_bCyber Tech Publications
_c2013
270 _a4264/3, Ansari Road, Darya Ganj,
_bNew Delhi
_e110002 (India)
300 _a240p.
_c20cm(Hb)
500 _aincludes index
942 _2ddc
_cEN
_h910.922
_mARY
999 _c85163
_d85163